Представление документа в формате MARC21

Поле Инд. ПП Название Значение
Тип записи a
Библиографический уровень m
001 Контрольный номер e22575a1-a6cc-4bc3-bd74-0d294f9a2d08
005 Дата корректировки 20200622110951.8
008 Кодируемые данные 960426 d
080 a Индекс УДК 531.19(075.8)
084 a Индекс другой классификации/Индекс ББК В317.2я731-1
090 x Авторский знак Б74
a Полочн. индекс 530.141
100 1_ a Автор Боголюбов Николай Николаевич
245 1_ a Заглавие Некоторые вопросы статистической механики
b Продолж. заглавия Учеб. пособие для физ. и мат. спец. ун-тов
c Ответственность Н. Н. Боголюбов, Б. И. Садовников
260 0_ a Место издания Москва
b Издательство Высшая школа
c Дата издания 1975
300 a Объем 352 с.
504 a Библиография Библиогр.: с.345-348.
650 04 a Основная рубрика Статистическая физика
x Основная подрубрика Учебники для вузов
653 0_ a Ключевые слова Статистическая физика
a Ключевые слова Статистическая механика
a Ключевые слова Учебники
700 1_ a Другие авторы Садовников Борис Иосифович
e Роль лиц авт.
920 a Оператор Хохл
930 a Новая/Ретро учебники
a Новая/Ретро учебники
952 c Вид литературы К ру
954 a Дата поступления на обработку 20011013